Representative selections /

Bibliographic Details
Main Author: James, Henry, 1843-1916
Other Authors: Richardson, Lyon Norman, 1898-
Format: Book
Language:English
Published: New York : American book company, ©194l.
Series:American writers series.

MARC

Tag First Indicator Second Indicator Subfields
LEADER 00000cam a2200000 4500
001 in00000712331
005 20151016054943.0
008 720331s1941 nyuc b 00000 eng u
010 |a  41019830  
035 |a (OCoLC)00274104 
035 |9 ADC5826AM 
040 |c WSU  |d OCL  |d TXA  |d UtOrBLW 
049 |a TXAM  |c [101636] 
050 0 |a PS2112  |b .R5 
090 |a PS2112  |b .R5 1941 
092 |a 810.8  |b J27r 
100 1 |a James, Henry,  |d 1843-1916. 
245 1 0 |a Representative selections /  |c Henry James ; with introduction, bibliography, and notes, by Lyon N. Richardson. 
264 1 |a New York :  |b American book company,  |c ©194l. 
300 |a cxxii, 490 pages :  |b portrait ;  |c 19 cm. 
336 |a text  |b txt  |2 rdacontent 
337 |a unmediated  |b n  |2 rdamedia 
338 |a volume  |b nc  |2 rdacarrier 
490 1 |a American writers series 
504 |a Bibliography: pages xci-cxi. "Chronological table and selected bibliography of the works of Henry James": pages cxii-cxxii. 
700 1 |a Richardson, Lyon Norman,  |d 1898- 
830 0 |a American writers series. 
999 |a MARS 
999 f f |s 6e926788-84c2-3e97-a12f-63f0f90107b6  |i 32a55cb3-bb5b-37e8-92a4-1985cf918b71  |t 0 
952 f f |p ric  |a Texas A&M University  |b Rellis Campus  |c Joint Library Facility  |d Remote Storage  |t 0  |e PS2112 .R5 1941  |h Library of Congress classification  |i unmediated -- volume  |m A14820362437 
998 f f |a PS2112 .R5 1941  |t 0  |l Remote Storage